| 000 | 00552nam a2200169 i 4500 | ||
|---|---|---|---|
| 001 | 142384 | ||
| 003 | ES-MaACL | ||
| 005 | 20230906200517.0 | ||
| 007 | t| | ||
| 008 | 071004s1971 sp ||||1| spa d | ||
| 100 | 1 |
_aWisdorf, Josef. _9117143 |
|
| 245 | 1 | 3 |
_aLa contestación de sí mismos _b: (para los jóvenes de 15 a 20 años) / _cJosef Wisdorf ; [traducción de Alejo Oria León]. |
| 260 |
_aMadrid : _bEdiciones Paulinas, _c1971. |
||
| 300 |
_a214 p. ; _c18 cm. |
||
| 700 | 1 |
_aOria León, Alejo. _987247 |
|
| 852 |
_aES-MaACL _jC-46494 _bR.82322 |
||
| 999 |
_c142384 _d142384 |
||